000 01067 a2200241 4500
005 20080910150228.0
008 080910t xxu||||| |||| 00| 0 hin d
010 _aHIN-79492
020 _a8181661192
_c150.00
035 _aHN-51838
037 _bD.B.Act / pub
082 _a821
100 _aराय, सूरज "सूरज"
245 _aधुआँ-धुआँ सूरज
_cसूरज राय "सूरज"
246 _aDhuan-Dhuan Suraj
_bby Suraj Raj "Suraj"
260 _aदिल्ली
_bमेधा बुक्स
_c2006
270 _aएक्स-11, नवीन शाहदरा
_bदिल्ली
_e110032
_k22323672
_mmedhabooks@rediffmail.com
300 _a144पृ
_c22 सेमी (सजिल्द)
650 _aहिन्दी कविताएँ
650 _aHindi Poeam
942 _adpl
_cHN
_k821 / रायसू
_2ddc
_h821
_mरायसू
999 _c2847
_d2847